[Event "NK Senioren en Veteranen 2019"]
[Site "Dieren, Netherlands"]
[Date "2019.07.18"]
[Round "6"]
[White "Hummel, Joop"]
[WhiteElo "1989"]
[Black "Smeets, Pierre"]
[BlackElo "1998"]
[Result "*"]

1. d4 d5 2. c4 c6 3. Nf3 Nf6 4. Nc3 Qb6 5. c5 Qc7 6. Ne5 Bf5 7. Bf4 Qc8 8. e3
Nbd7 9. g4 Be6 10. h3 g6 11. Bg2 Bg7 12. Rc1 O-O 13. Nd3 Ne8 14. b4 a6 15. a4
f6 16. Bg3 Bf7 17. O-O e5 18. b5 axb5 19. axb5 Nc7 20. Nb4 Nb8 21. Na4 Qd8 22.
bxc6 Nxc6 23. Nxc6 bxc6 24. Nb6 Ra7 25. Ra1 Rxa1 26. Qxa1 Nb5 27. dxe5 Re8 28.
exf6 Bxf6 29. Qa6 Be6 30. Qb7 Nc3 31. Qxc6 d4 32. Ra1 Qe7 33. Ra7 Ne2+ 34. Kh2
Qf8 35. Bd6 Be7 36. Bxe7 Qf4+ 37. exf4 1-0

[Event "NK Senioren en Veteranen 2019"]
[Site "Dieren, Netherlands"]
[Date "2019.07.18"]
[Round "6"]
[White "Van Dorp, Folke"]
[Black "Van den Berg, Ad"]
[Result "1-0"]
[WhiteElo "2102"]
[BlackElo "2170"]
[PlyCount "46"]
[EventDate "2019.??.??"]

1. e4 c5 2. Nc3 e6 3. g3 d5 4. Bg2 Nf6 5. e5 Nfd7 6. f4 Nc6 7. Nf3 Be7 8. O-O
O-O 9. d4 Nxd4 10. Nxd4 cxd4 11. Ne2 Qb6 12. Nxd4 f6 13. Kh1 fxe5 14. Nxe6 Rf6
15. Ng5 h6 16. Qxd5+ Kh8 17. Nf7+ Kh7 18. Be4+ g6 19. Nxh6 Kxh6 20. fxe5+ Kg7
21. exf6+ Nxf6 22. Qe5 Qe6 23. Bf4 g5 1-0

[Event "NK Senioren en Veteranen 2019"]
[Site "Dieren, Netherlands"]
[Date "2019.07.18"]
[Round "6"]
[White "Bloemhard, Rudy"]
[Black "Vogel, Jaap"]
[Result "1/2-1/2"]
[WhiteElo "2067"]
[BlackElo "2119"]
[PlyCount "46"]
[EventDate "2019.??.??"]

1. e4 e6 2. d4 d5 3. Nd2 Be7 4. Bd3 c5 5. dxc5 Nf6 6. Qe2 O-O 7. Ngf3 Nc6 8. c3
a5 9. e5 Nd7 10. h4 h6 11. Nf1 Nxc5 12. Bf4 f5 13. exf6 Bxf6 14. O-O-O Bxc3 15.
Bxh6 gxh6 16. bxc3 Qf6 17. Qc2 Nxd3+ 18. Qxd3 e5 19. Qxd5+ Be6 20. Qe4 Bf5 21.
Qc4+ Be6 22. Qe4 Bf5 23. Qc4+ Be6 1/2-1/2

[Event "NK Senioren en Veteranen 2019"]
[Site "Dieren, Netherlands"]
[Date "2019.07.18"]
[Round "6"]
[White "Jonkman, Fokke"]
[Black "Etmans, Maarten"]
[Result "1/2-1/2"]
[WhiteElo "1924"]
[BlackElo "2032"]
[PlyCount "125"]
[EventDate "2019.??.??"]

1. c4 e5 2. Nc3 Nc6 3. Nf3 d6 4. d4 Bg4 5. d5 Nce7 6. e4 Ng6 7. h3 Bxf3 8. Qxf3
Be7 9. g3 Bg5 10. h4 Bxc1 11. Rxc1 h5 12. Bh3 Nf6 13. O-O a5 14. b3 Nf8 15.
Rfd1 N8h7 16. Bg2 Rg8 17. c5 dxc5 18. Nb5 Kf8 19. d6 cxd6 20. Rxd6 Qe7 21. Rxc5
Ne8 22. Rdd5 b6 23. Rxe5 Qf6 24. Rcd5 Qxf3 25. Bxf3 Nhf6 26. Rd1 g6 27. Rg5 Rc8
28. Nd6 Rc3 29. Nxe8 Nxe8 30. Kg2 Nc7 31. Re5 Kg7 32. Re7 Re8 33. Rxe8 Nxe8 34.
e5 Rc5 35. Rd5 Rc2 36. a4 Nc7 37. Rd6 b5 38. Rc6 Rxc6 39. Bxc6 bxa4 40. bxa4
Ne6 41. f4 f6 42. exf6+ Kxf6 43. Kf2 Nc5 44. Ke3 Kf5 45. Be8 Kg4 46. Kd4 Nb3+
47. Kd5 Kxg3 48. Bxg6 Kxh4 49. Bc2 Nd2 50. Bd1 Kg3 51. Bxh5 Kxf4 52. Kc5 Ke5
53. Kb5 Kd6 54. Kxa5 Kc7 55. Bf7 Ne4 56. Kb4 Kb6 57. a5+ Ka7 58. Bc4 Nd6 59.
Bd3 Nb7 60. a6 Nd8 61. Kc5 Ne6+ 62. Kc6 Nd4+ 63. Kc7 1/2-1/2

[Event "NK Senioren en Veteranen 2019"]
[Site "Dieren, Netherlands"]
[Date "2019.07.18"]
[Round "6"]
[White "Van Wageningen, Arie"]
[WhiteElo "2015"]
[Black "Sprinkhuizen, Arno"]
[BlackElo "1988"]
[Result "*"]

1. Nf3 c5 2. c4 Nc6 3. Nc3 g6 4. e3 Bg7 5. d4 cxd4 6. exd4 d6 7. Be2 e6 8. O-O
Nge7 9. Bg5 h6 10. Bf4 g5 11. Be3 d5 12. Qd2 Nf5 13. Rad1 O-O 14. Ne5 Nxe3 15.
Qxe3 Ne7 16. c5 f6 17. Nf3 Nc6 18. h3 b6 19. Bb5 Qc7 20. cxb6 Qxb6 21. Rc1 Ne7
22. Qe2 Rb8 23. b3 Ng6 24. Rfd1 a6 25. Ba4 Qd6 26. g3 Ne7 27. Rc2 e5 28. dxe5
fxe5 29. g4 Qf6 30. Ne1 Bb7 31. b4 Ng6 32. Ng2 Rbd8 33. Bb3 Ne7 34. Ne3 Kh8 35.
Ncxd5 Nxd5 36. Bxd5 Qb6 37. a3 Bc8 38. Rc5 Qf6 39. Rc6 Rxd5 40. Rxf6 Rxd1+ 41.
Qxd1 Rxf6 42. Qd3 Rf7 43. Nf5 Rd7 44. Qb3 Bb7 45. Kf1 Bd5 46. Qc2 Bb7 47. Ke2
e4 48. Qc4 Kh7 49. a4 a5 50. bxa5 Bd5 51. Qb5 Be6 52. a6 Bd4 53. Nxd4 Rxd4 54.
Qb7+ 1-0

[Event "NK Senioren en Veteranen 2019"]
[Site "Dieren, Netherlands"]
[Date "2019.07.18"]
[Round "6"]
[White "Perrenet, Jacob"]
[Black "Goris, Ton"]
[Result "1-0"]
[WhiteElo "2002"]
[BlackElo "1903"]
[PlyCount "125"]
[EventDate "2019.??.??"]

1. Nc3 d5 2. e3 Nf6 3. Nf3 Nc6 4. Bb5 Bd7 5. b3 a6 6. Be2 e5 7. Bb2 Bd6 8. d3
O-O 9. Qd2 Qe7 10. O-O Rad8 11. e4 d4 12. Nb1 b5 13. Qd1 Na7 14. Nbd2 c5 15. a4
Nc6 16. axb5 axb5 17. Nh4 Ra8 18. Ndf3 h6 19. Re1 Be6 20. Nd2 Qb7 21. Rxa8 Rxa8
22. Nf5 Bf8 23. g3 Ra2 24. Qb1 Qa7 25. Bf1 Qa5 26. Rd1 g6 27. Nh4 Bg4 28. f3
Be6 29. Ng2 g5 30. Be2 Bd6 31. c4 b4 32. Re1 Qa8 33. Qc2 Kh7 34. Rb1 Qg8 35.
Qd1 h5 36. Bc1 Ne7 37. Rb2 Qa8 38. Rxa2 Qxa2 39. Nf1 Kg6 40. h4 g4 41. f4 Kh7
42. f5 Bd7 43. Nh2 Qb1 44. Kf2 Neg8 45. Nf1 Bf8 46. Nd2 Qa1 47. Nf4 exf4 48.
gxf4 Bh6 49. Nf1 Ne8 50. Ng3 Qa7 51. Nxh5 Qc7 52. Kg3 Nef6 53. Bxg4 Bc8 54. Qf3
Nxh5+ 55. Bxh5 Nf6 56. e5 Nxh5+ 57. Qxh5 Qd7 58. e6 Qe7 59. Bd2 Bxe6 60. fxe6
Qxe6 61. f5 Qe5+ 62. Kh3 Qf6 63. Bxh6 1-0

[Event "NK Senioren en Veteranen 2019"]
[Site "Dieren, Netherlands"]
[Date "2019.07.19"]
[Round "7"]
[White "Van Rijn, Anton"]
[Black "Huysman, Arie"]
[Result "1-0"]
[WhiteElo "2205"]
[BlackElo "1964"]
[PlyCount "121"]
[EventDate "2019.??.??"]

1. d4 Nf6 2. c4 e6 3. Nf3 d5 4. g3 Be7 5. Bg2 O-O 6. O-O c6 7. Qc2 Nbd7 8. Nbd2
b6 9. e4 Nxe4 10. Nxe4 dxe4 11. Qxe4 Bb7 12. Rd1 Re8 13. Bf4 Rc8 14. h4 Nf6 15.
Qc2 h6 16. a3 Nh5 17. Be5 Nf6 18. b4 Nd7 19. Bf4 a6 20. Rab1 Nf6 21. Ne5 Bd6
22. Bf3 Qe7 23. Qe2 b5 24. Qe3 bxc4 25. Nxc4 Bxf4 26. Qxf4 Red8 27. Rbc1 Nd5
28. Qe5 Ba8 29. Re1 Bb7 30. Na5 Ba8 31. Rc5 Qf6 32. Kg2 Nb6 33. Qxf6 gxf6 34.
Nb3 Nd7 35. Rc3 Nb8 36. Rec1 Rd6 37. Kf1 Rcd8 38. Ke2 e5 39. dxe5 fxe5 40. Nc5
f5 41. Ke1 Kf7 42. Rd1 Kf6 43. Rxd6+ Rxd6 44. Be2 Nd7 45. Nxd7+ Rxd7 46. Bxa6
Ra7 47. Be2 Bb7 48. b5 cxb5 49. Rc7 Rxa3 50. Rxb7 Ra1+ 51. Bd1 Rb1 52. Rb6+ Kg7
53. Kd2 e4 54. Kc2 Ra1 55. Rxb5 Ra2+ 56. Rb2 Ra5 57. Kd2 Kf6 58. Rb3 Ke5 59.
Ke3 Ra1 60. Be2 Ra5 61. Rb5+ 1-0

[Event "NK Senioren en Veteranen 2019"]
[Site "Dieren, Netherlands"]
[Date "2019.07.19"]
[Round "7"]
[White "Houweling, Bert"]
[Black "Homs, Guust"]
[Result "1/2-1/2"]
[WhiteElo "2047"]
[BlackElo "2203"]
[PlyCount "37"]
[EventDate "2019.??.??"]

1. e4 e5 2. Nf3 Nc6 3. d4 exd4 4. Nxd4 Nf6 5. Nxc6 bxc6 6. Bd3 d5 7. exd5 cxd5
8. O-O Be7 9. Qf3 O-O 10. Bf4 Bg4 11. Qg3 c6 12. h3 Bh5 13. Nd2 Bg6 14. Bc7 Qd7
15. Be5 Rfe8 16. Rfe1 Nh5 17. Qf3 Bd6 18. Bxg6 hxg6 19. Bxd6 1/2-1/2

[Event "NK Senioren en Veteranen 2019"]
[Site "Dieren, Netherlands"]
[Date "2019.07.19"]
[Round "7"]
[White "Van Lanen, Toon"]
[Black "Hummel, Joop"]
[Result "0-1"]
[WhiteElo "2165"]
[BlackElo "1989"]
[PlyCount "126"]
[EventDate "2019.??.??"]

1. e4 e5 2. Nf3 Nc6 3. d4 exd4 4. Nxd4 Nf6 5. Nxc6 bxc6 6. e5 Qe7 7. Qe2 Nd5 8.
c4 Ba6 9. b3 g6 10. f4 g5 11. g3 gxf4 12. gxf4 Qh4+ 13. Qf2 Qxf2+ 14. Kxf2 Bc5+
15. Kf3 Bd4 16. cxd5 Bxf1 17. Rxf1 Bxa1 18. dxc6 dxc6 19. Nd2 O-O-O 20. Ne4
Rd3+ 21. Ke2 Rh3 22. Rf2 Bd4 23. Rg2 h6 24. Bd2 Rd8 25. Ng3 Bb6 26. Kf3 Bg1 27.
Kg4 Rxh2 28. Rxh2 Bxh2 29. Ne4 Rg8+ 30. Kf5 Rg6 31. Be3 Kd8 32. Bxa7 Bg1 33. e6
Ke7 34. exf7 Kxf7 35. Ng5+ hxg5 36. Bxg1 gxf4 37. Bc5 f3 38. Ke4 Rg2 39. Kxf3
Rxa2 40. Ke4 Rd2 41. b4 Ke6 42. Ke3 Rd5 43. Ke4 Rh5 44. Bf2 Rg5 45. Kd4 Kd6 46.
Kc4 Rg4+ 47. Kb3 Kd5 48. Bc5 Rg3+ 49. Ka4 Kc4 50. Be7 Re3 51. Bd8 Re8 52. Bxc7
Ra8+ 53. Ba5 c5 54. b5 Kd5 55. b6 Kc6 56. b7 Kxb7 57. Kb5 Rxa5+ 58. Kxa5 Kc6
59. Ka4 Kd5 60. Kb3 Kd4 61. Kc2 Kc4 62. Kd1 Kd3 63. Kc1 Kc3 0-1

[Event "NK Senioren en Veteranen 2019"]
[Site "Dieren, Netherlands"]
[Date "2019.07.19"]
[Round "7"]
[White "Van Dorp, Folke"]
[Black "Schouten, Nico"]
[Result "1/2-1/2"]
[WhiteElo "2102"]
[BlackElo "2103"]
[PlyCount "66"]
[EventDate "2019.??.??"]

1. e4 e5 2. Nf3 Nc6 3. Nc3 d6 4. d4 exd4 5. Nxd4 Nf6 6. Be2 Be7 7. O-O O-O 8.
f4 Nxd4 9. Qxd4 c6 10. Kh1 Re8 11. Bd2 Bf8 12. Bf3 Qb6 13. Qxb6 axb6 14. h3 b5
15. a3 Nd7 16. b3 g6 17. a4 bxa4 18. Nxa4 b5 19. Nc3 Bb7 20. Rxa8 Rxa8 21. Rd1
Nc5 22. Be3 Na6 23. Ne2 Nb4 24. Rd2 Ra2 25. c3 Ra1+ 26. Kh2 Na6 27. e5 d5 28.
b4 Bc8 29. g4 Bd7 30. Kg3 Nc7 31. Bb6 Ne6 32. Nd4 Ra3 33. Nxe6 fxe6 1/2-1/2

[Event "NK Senioren en Veteranen 2019"]
[Site "Dieren, Netherlands"]
[Date "2019.07.19"]
[Round "7"]
[White "Vogel, Jaap"]
[Black "Boersma, Jan"]
[Result "1-0"]
[WhiteElo "2119"]
[BlackElo "2051"]
[PlyCount "75"]
[EventDate "2019.??.??"]

1. d4 Nf6 2. Bf4 g6 3. Nc3 d6 4. e4 Bg7 5. Qd2 c6 6. f3 b5 7. a3 Nbd7 8. Nge2
Nb6 9. Nc1 Be6 10. d5 cxd5 11. Bxb5+ Bd7 12. Bd3 Nc4 13. Bxc4 dxc4 14. N1e2 Rb8
15. Rb1 O-O 16. Be3 Rb7 17. O-O Qc7 18. Nf4 Bc6 19. b4 cxb3 20. cxb3 Qa5 21. b4
Qxa3 22. b5 Bd7 23. Ra1 Qb3 24. Rfb1 Qc4 25. Ra4 Qc8 26. Rxa7 Re8 27. b6 Bc6
28. Nfd5 Nd7 29. Nb5 Bxd5 30. Qxd5 Rxb6 31. Rxd7 Rb8 32. Ra7 Qc2 33. Re1 Qb2
34. Nxd6 Qb4 35. Qxf7+ Kh8 36. Rd1 Rbd8 37. Rxe7 Rxe7 38. Qxe7 1-0

[Event "NK Senioren en Veteranen 2019"]
[Site "Dieren, Netherlands"]
[Date "2019.07.19"]
[Round "7"]
[White "Jonkman, Fokke"]
[Black "Bloemhard, Rudy"]
[Result "0-1"]
[WhiteElo "1924"]
[BlackElo "2067"]
[PlyCount "128"]
[EventDate "2019.??.??"]

1. c4 c5 2. Nf3 Nc6 3. d4 cxd4 4. Nxd4 g6 5. e4 Bg7 6. Be3 Nf6 7. Nc3 Ng4 8.
Qxg4 Nxd4 9. Qd1 Ne6 10. Rc1 Qa5 11. Qd2 b6 12. Be2 Bb7 13. f3 h5 14. O-O g5
15. Rfd1 d6 16. Nd5 Qxd2 17. Rxd2 h4 18. g3 hxg3 19. hxg3 Be5 20. Bf2 f6 21.
Bf1 Kf7 22. Bg2 Rac8 23. b3 Bxd5 24. exd5 Ng7 25. Rcc2 Nf5 26. g4 Nh4 27. Bd4
Rh6 28. Bxe5 fxe5 29. Rc3 Rf6 30. Re3 Kg7 31. Kf2 Rcf8 32. Kg3 Rf4 33. Rf2 Rd4
34. Bf1 Rd1 35. Bd3 Rg1+ 36. Kh2 Rxg4 37. Re4 Rxe4 38. Bxe4 g4 39. Kg3 Nxf3 40.
Kxg4 Rf4+ 41. Kg3 Rxe4 42. Rxf3 Re2 43. a3 Kg6 44. Rc3 Kf5 45. b4 Ke4 46. c5
bxc5 47. bxc5 dxc5 48. Rxc5 Re3+ 49. Kf2 Rf3+ 50. Ke2 Rxa3 51. Rc7 Ra2+ 52. Kd1
Kxd5 53. Rxe7 Kd4 54. Rd7+ Ke3 55. Kc1 e4 56. Kb1 Ra5 57. Re7 Rb5+ 58. Kc2 a5
59. Kc3 Rc5+ 60. Kb3 Kf3 61. Rf7+ Ke2 62. Re7 e3 63. Ka4 Rd5 64. Re8 Kd2 0-1

[Event "NK Senioren en Veteranen 2019"]
[Site "Dieren, Netherlands"]
[Date "2019.07.19"]
[Round "7"]
[White "Smeets, Pierre"]
[Black "Van Wageningen, Arie"]
[Result "0-1"]
[WhiteElo "1998"]
[BlackElo "2015"]
[PlyCount "40"]
[EventDate "2019.??.??"]

1. c4 c5 2. g3 Nf6 3. Bg2 Nc6 4. Nc3 e6 5. Nf3 d5 6. cxd5 exd5 7. d4 Bg4 8. Be3
c4 9. O-O Bb4 10. Ne5 Bxc3 11. Nxc6 bxc6 12. bxc3 O-O 13. Bg5 Re8 14. f3 Bf5
15. Qd2 Qa5 16. Rae1 Nd7 17. e4 Be6 18. Rb1 Nb6 19. Qb2 dxe4 20. fxe4 Qxg5 0-1

[Event "NK Senioren en Veteranen 2019"]
[Site "Dieren, Netherlands"]
[Date "2019.07.19"]
[Round "7"]
[White "Perrenet, Jacob"]
[Black "Gielen, Wim"]
[Result "1-0"]
[WhiteElo "2002"]
[BlackElo "1955"]
[PlyCount "77"]
[EventDate "2019.??.??"]

1. Nc3 Nf6 2. d4 d5 3. Bg5 c6 4. Nf3 Bf5 5. e3 Nbd7 6. Bd3 Bxd3 7. cxd3 h6 8.
Bh4 e6 9. Rc1 Be7 10. O-O O-O 11. Qd2 Rc8 12. Rc2 Ne8 13. Bg3 Bd6 14. Bxd6 Nxd6
15. Rfc1 Qc7 16. Ne5 Nxe5 17. dxe5 Nf5 18. d4 f6 19. e4 dxe4 20. exf6 Rxf6 21.
Nxe4 Rg6 22. Ng3 Rd8 23. Rc4 Qd6 24. Rd1 Qd5 25. b3 b5 26. Rcc1 Nxd4 27. Qe3 e5
28. f3 Qe6 29. Kf2 Rf8 30. Rc5 Re8 31. Re1 Rg5 32. Qe4 Qd6 33. Rec1 Qb8 34. h4
Rxg3 35. Kxg3 Re6 36. Re1 g6 37. Rxe5 Nf5+ 38. Kh3 Kf7 39. Rxf5+ 1-0

[Event "NK Senioren en Veteranen 2019"]
[Site "Dieren, Netherlands"]
[Date "2019.07.19"]
[Round "7"]
[White "Etmans, Maarten"]
[Black "Van den Berg, Ad"]
[Result "1/2-1/2"]
[WhiteElo "2032"]
[BlackElo "2170"]
[PlyCount "78"]
[EventDate "2019.??.??"]

1. b3 b5 2. e3 Bb7 3. Nf3 b4 4. a3 a5 5. axb4 axb4 6. Rxa8 Bxa8 7. Bb2 e6 8. d3
f5 9. Nbd2 Nf6 10. Qa1 Bxf3 11. Nxf3 Be7 12. Be2 O-O 13. O-O Nc6 14. Qa6 Nd5
15. Nd4 Nxd4 16. Bxd4 Bf6 17. Bf3 Bxd4 18. Bxd5 Bc3 19. Bf3 c6 20. d4 Qa8 21.
Qd3 d5 22. Be2 Qa2 23. f4 Ra8 24. Qd1 Qa5 25. Qd3 Ra7 26. h3 g6 27. Kh2 Qb6 28.
Rf3 Ra1 29. Rf1 Ra2 30. Rf2 Kf7 31. Bf1 h5 32. g4 h4 33. gxf5 gxf5 34. Qe2 Ke7
35. Rg2 Kd6 36. Qf2 Qd8 37. Bd3 Ra1 38. Rg1 Rxg1 39. Qxg1 Qf6 1/2-1/2

[Event "NK Senioren en Veteranen 2019"]
[Site "Dieren, Netherlands"]
[Date "2019.07.19"]
[Round "7"]
[White "Goris, Ton"]
[Black "Sprinkhuizen, Arno"]
[Result "1/2-1/2"]
[WhiteElo "1903"]
[BlackElo "1988"]
[PlyCount "51"]
[EventDate "2019.??.??"]

1. e4 c5 2. c3 Nf6 3. e5 Nd5 4. Nf3 d6 5. d4 cxd4 6. cxd4 Nc6 7. Bc4 e6 8. O-O
Be7 9. Qe2 Nb6 10. Bb3 d5 11. a3 Na5 12. Qb5+ Nd7 13. Bc2 Nc4 14. Nbd2 a6 15.
Qb3 b5 16. Qd3 Bb7 17. b3 Na5 18. Nb1 Qb6 19. Bd2 Nc6 20. Rc1 a5 21. Nc3 Ba6
22. Qe3 Qb7 23. Bd3 b4 24. axb4 Bxd3 25. Qxd3 Nxb4 26. Qb5 1/2-1/2